000 00742nam a2200253 a 4500
003 AR-BaBNM
005 20251128204438.0
008 082120s2002 ||||||||||||||000 | spa||
020 _a950-13-9010-1
040 _cAR-BaBNM
100 1 _aBühler, Waldemar
245 0 0 _aTrabajos en cuero
260 _aBuenos Aires
_bKapelusz
_c1970
300 _a119 p.
_bil., láms.
490 0 _aCómo hacer
500 _aContiene moldes en un desplegable, fijado a simple presión, entre la última página y la retiración de contratapa
650 4 _aARTESANIAS
650 4 _aACTIVIDADES DE APRENDIZAJE
653 _aEDUCACION PRIMARIA
653 _aTRABAJO MANUAL
700 0 _aThomas Juan J.
_etraductor
942 _cBK
998 _cEnrique
999 _c7453
_d7453